The Pittsburgh Pirates.

Bibliographic Details
Main Author: Lieb, Fred, 1888-1980
Format: Book
Language:English
Published: New York : G. P. Putnam's Sons, [1948]
Subjects:

MARC

Tag First Indicator Second Indicator Subfields
LEADER 00000cam a2200000 4500
001 in00000032590
005 20151007061817.0
008 750728s1948 nyuc 00000 eng u
010 |a  48006739  
035 |a (OCoLC)01482202 
035 |9 AAD3139AM 
040 |c JPL  |d TXA  |d UtOrBLW 
049 |a TXAM  |c [158297] 
050 0 0 |a GV875.P5  |b L5 
082 0 |a 796.357 
092 |a 796.357  |b L716p 
100 1 |a Lieb, Fred,  |d 1888-1980. 
245 1 4 |a The Pittsburgh Pirates. 
264 1 |a New York :  |b G. P. Putnam's Sons,  |c [1948] 
300 |a  xii, 299 pages :  |b portraits ;  |c 22 cm. 
336 |a text  |b txt  |2 rdacontent 
337 |a unmediated  |b n  |2 rdamedia 
338 |a volume  |b nc  |2 rdacarrier 
610 1 0 |a Pittsburgh Pirates (Baseball team) 
999 |a MARS 
999 f f |s 5d779e6c-80ba-37cf-a7fb-72966e16bf82  |i 4d9883cd-1914-392c-a340-485c2d545d82  |t 0 
952 f f |p ric  |a Texas A&M University  |b Rellis Campus  |c Joint Library Facility  |d Remote Storage  |t 0  |e GV875.P5 L5  |h Library of Congress classification  |i unmediated -- volume  |m A14801185397 
998 f f |a GV875.P5 L5  |t 0  |l Remote Storage